thanK you aIMee lyrics - Statistics

General Stats
  • This quiz has been taken 5 times
  • The average score is 344 of 411
Answer Stats
Lyrics % Correct
a
100%
about
100%
Aimee"
100%
Aimee
100%
"All
100%
all
100%
and
100%
And
100%
bronze,
100%
buildin'
100%
can't
100%
comes
100%
day
100%
day,
100%
feel"
100%
for
100%
forget
100%
"Fuck
100%
head,
100%
head
100%
home
100%
hometown,
100%
I
100%
in
100%
is
100%
it
100%
kid
100%
know
100%
made
100%
me
100%
my
100%
night
100%
nothin'
100%
of
100%
one
100%
only
100%
picture
100%
say,
100%
say
100%
Screamed,
100%
singin'
100%
sky
100%
sky,
100%
so
100%
So
100%
somethin'
100%
song
100%
spray
100%
statue
100%
"Thank
100%
Thank
100%
that
100%
the
100%
then
100%
there
100%
there's
100%
this
100%
time
100%
to
100%
two
100%
us
100%
was
100%
way
100%
were
100%
When
100%
when
100%
you
100%
you,
100%
Your
100%
your
100%
always
80%
as
80%
at
80%
be
80%
been
80%
But
80%
but
80%
'Cause
80%
dead
80%
Everyone
80%
find
80%
forgive
80%
hadn't
80%
heal
80%
if
80%
knows
80%
legacy
80%
maybe
80%
mother
80%
punches,
80%
saintly
80%
she
80%
songs
80%
tanned
80%
throwin'
80%
uncool
80%
undo
80%
used
80%
wished
80%
woman,
80%
wouldn't
80%
wrote
80%
you've
80%
any
60%
beat
60%
black
60%
blood
60%
blue
60%
built
60%
changed
60%
clues
60%
count
60%
defining
60%
don't
60%
down
60%
each
60%
gonna
60%
gushin'
60%
I'd
60%
laughing
60%
mind,
60%
moment
60%
much,
60%
name
60%
pain
60%
push
60%
real"
60%
real
60%
reframed
60%
ringin'
60%
same
60%
school
60%
stairs
60%
stars,
60%
stars
60%
step
60%
think
60%
thousand
60%
town,
60%
truth
60%
baby
40%
could
40%
fair
40%
fight
40%
from
40%
headlines
40%
here
40%
just
40%
local
40%
looks
40%
never
40%
or
40%
our
40%
plaque
40%
prayed
40%
searing
40%
small
40%
spirit
40%
still
40%
threatens
40%
underneath
40%
up
40%
wasn't
40%
words
40%
across
20%
are
20%
boulder
20%
clean
20%
couldn't
20%
dreamed
20%
grave
20%
hill
20%
kill
20%
paper,
20%
pushed
20%
show
20%
stomped
20%
stunnin'
20%
take
20%
wait
20%
No matching quizzes found
Score Distribution
Percent of People with Each Score
Percentile by Number Answered
Your Score History
You have not taken this quiz